Stations des Transports d'Ile de France avec Sous-Titres - Statistiques

Statistiques générales
  • Ce quiz a été pris 12 fois
    11 depuis la dernière actualisation
  • Le résultat moyen est 72 sur 87
Statistiques - réponses
Ligne Sous-Titre Station % Correct
M12 Butte Montmartre Abbesses
100%
M2 Sacré-Coeur Anvers
100%
M6/RER C Tour Eiffel (M6) Bir-Hakeim/Champ de Mars - Tour Eiffel
100%
M5 Préfecture - Hôtel du Département Bobigny - Pablo Picasso
100%
M1,13 Grand Palais Champs-Elysées - Clémenceau
100%
M8 Hôpital Henri Mondor Créteil - L'Echat
100%
RER D Parc Interdépartemental des Sports Créteil - Pompadour
100%
M8 Hôtel de Ville Créteil - Préfecture
100%
M4,6/RER B Colonel Rol-Tanguy Denfert-Rochereau
100%
M3 Parc de Bagnolet Gallieni
100%
M1/RER A,E/Transilien L,U Grande Arche La Défense
100%
M13 Asnières - Gennevilliers Les Courtilles
100%
RER B Sénat Luxembourg
100%
M13,14 Région Île de France Mairie de Saint-Ouen
100%
M13,14/RER C Tribunal de Paris Porte de Clichy
100%
M7 Cité des Sciences et de l'Industrie Porte de La Villette
100%
M5 Parc de La Villette Porte de Pantin
100%
M9 Parc des Princes Porte de Saint-Cloud
100%
M12 Parc des Expositions de Paris Porte de Versailles
100%
M1/RER C,E Palais des Congrès (M1) Porte Maillot/Neuilly - Porte Maillot
100%
M11 Centre Georges Pompidou Rambuteau
100%
RER D, Transilien H L'Île-Saint-Denis Saint-Denis
100%
M12 Aubervilliers Aimé Césaire
91%
M4 Montrouge Barbara
91%
M13 Hôtel de Ville Basilique de Saint-Denis
91%
M1,4,7,11,14/RER A,B,D Pont au Change (M7) Châtelet
91%
M6,8 Félix Eboué Daumesnil
91%
M13 Asnières - Gennevilliers Gabriel Péri
91%
M13 Joséphine Baker Gaité
91%
M11 Hôpital Saint-Louis Goncourt
91%
M11 Rosny-sous-Bois - Montreuil La Dhuys
91%
M1 Jardin d'Acclimatation Les Sablons
91%
RER A/TGV Parcs Disneyland Marne-la-Vallée - Chessy
91%
M1,2,6,9/RER A Place des Antilles (M9) Nation
91%
M3/RER C Maréchal Juin (M3) Pereire/Pereire - Levallois
91%
M7 Jardin des Plantes - Arènes de Lutèce Place Monge
91%
M8 Créteil Pointe du Lac
91%
RER C Hôpital Européen Georges Pompidou Pont du Garigliano
91%
M7 La Monnaie Pont Neuf
91%
M2/RER C Maréchal de Lattre de Tassigny (M2) Porte Dauphine/Avenue Foch
91%
M4 Puces de Saint-Ouen Porte de Clignancourt
91%
M12 Saint-Denis Porte de La Chapelle
91%
M3bis,11 Cirque Electrique Porte des Lilas
91%
M13 Stade de France Saint-Denis - Porte de Paris
91%
M1 Le Marais Saint-Paul
91%
RER C/Transilien N,U Montigny-le-Bretonneux Saint-Quentin-en-Yvelines
91%
M11 Les Lilas Serge Gainsbourg
91%
M12 Musée d'Orsay Solférino
91%
RER C Maison de Radio France Avenue du Président Kennedy
82%
M14 Marché International Chevilly-Larue
82%
M11 Noisy-le-Sec - Rosny-sous-Bois Côteaux - Beauclair
82%
M12 Aubervilliers - Saint-Denis Front Populaire
82%
M4,5,7/Transilien P Verdun Gare de l'Est
82%
M9/RER C Musée Marmottan-Monet (M9) La Muette/Boulainvilliers
82%
RER B Saint-Denis - Aubervilliers La Plaine - Stade de France
82%
M13 Asnières - Gennevilliers Les Agnettes
82%
RER B Ecole Polytechnique Lozère
82%
RER A Champy - Nesles Noisy - Champs
82%
M6 Courteline Picpus
82%
M14 Paray-Vieille-Poste Aéroport d'Orly
73%
RER A Saint-Maur Champigny
73%
RER D Val de Seine Evry
73%
RER D Centre Evry-Courcouronnes
73%
M14 Kremlin-Bicêtre - Gentilly Hôpital Bicêtre
73%
M12 Plaine des Vertus Mairie d'Aubervilliers
73%
RER C Musée du Quai Branly - Jacques Chirac Pont de l'Alma
73%
M7 Cité des Arts Pont Marie
73%
M4 Général Leclerc Porte d'Orléans
73%
M10 UNESCO Ségur
73%
M14 Pont de Rungis Thiais - Orly
73%
M9 Léon Blum Voltaire
73%
M9 Place Jacques Duclos Croix de Chavaux
64%
Transilien H Montmagny Epinay - Villetaneuse
64%
M3 Simone Veil Europe
64%
Transilien N Bois d'Arcy Fontenay-le-Fleury
64%
RER D Evry - Génopole Le Bras de Fer
64%
RER A Le Mandinet Lognes
64%
RER A Serris - Montévrain Val d'Europe
64%
M12 Adolphe Chérioux Vaugirard
64%
M7 Hôpital Paul Brousse Villejuif - Paul Vaillant Couturier
64%
Transilien V Musée Français de la Photographie Bièvres
55%
M10 Rhin et Danube Boulogne - Pont de Saint-Cloud
55%
RER A Le Luzard Noisiel
55%
Transilien H Commune de Soisy-Sous-Montmorency Champ de Courses d'Enghien
45%
M8 Place Aristide Briand Charenton - Ecoles
45%
RER C Valéry Giscard-d'Estaing Musée d'Orsay
36%
M9 Avenue Georges Mandel Rue de la Pompe
36%
Aucun quiz correspondant
Distribution des résultats
% des personnes avec chaque résultat
Percentile par nombre de réponses
Votre historique - résultats
Vous n’avez pas pris ce quiz depuis la dernière actualisation